Bretagne: villes de plus de 50 000 habitants - Statistiques

Statistiques générales
  • Ce quiz a été pris 301 fois
  • Le résultat moyen est 5 sur 5
Statistiques - réponses
Classement Population Département Nom de la commune % Correct
2 140 000 29 Brest
100%
1 227 000 35 Rennes
100%
4 58 000 56 Lorient
96%
3 64 000 29 Quimper
95%
5 54 000 56 Vannes
95%
Aucun quiz correspondant
Distribution des résultats
% des personnes avec chaque résultat
Percentile par nombre de réponses
Votre historique - résultats
Vous n’avez pas pris ce quiz